Franchises sports US: MLB, NBA, NFL ou NHL - Statistiques

Statistiques générales
  • Ce quiz a été pris 2 094 fois
  • Le résultat moyen est 85 sur 124
Statistiques - réponses
Hint Réponse % Correct
Boston Celtics NBA
88%
Atlanta Hawks NBA
86%
Brooklyn Nets NBA
86%
Chicago Bulls NBA
85%
Charlotte Hornets NBA
84%
Cleveland Cavaliers NBA
82%
Boston Red Sox MLB
81%
Denver Nuggets NBA
81%
Golden State Warriors NBA
81%
Atlanta Falcons NFL
81%
Baltimore Ravens NFL
81%
Dallas Mavericks NBA
80%
Los Angeles Lakers NBA
80%
Miami Heat NBA
79%
Buffalo Bills NFL
79%
Anaheim Ducks NHL
79%
Detroit Pistons NBA
78%
Los Angeles Clippers NBA
78%
Houston Rockets NBA
77%
New York Knicks NBA
77%
San Antonio Spurs NBA
77%
Cincinnati Bengals NFL
77%
Milwaukee Bucks NBA
76%
Orlando Magic NBA
76%
Phoenix Suns NBA
76%
Toronto Raptors NBA
76%
Kansas City Chiefs NFL
76%
Chicago Cubs MLB
75%
Indiana Pacers NBA
75%
Memphis Grizzlies NBA
75%
Washington Wizards NBA
75%
Los Angeles Rams NFL
75%
New England Patriots NFL
75%
Portland Trail Blazers NBA
74%
Utah Jazz NBA
74%
Dallas Cowboys NFL
74%
Colorado Avalanche NHL
74%
Arizona Diamondbacks MLB
73%
Minnesota Timberwolves NBA
73%
New Orleans Pelicans NBA
73%
Oklahoma City Thunder NBA
73%
Philadelphia 76ers NBA
73%
Sacramento Kings NBA
73%
Arizona Cardinals NFL
73%
Denver Broncos NFL
73%
Green Bay Packers NFL
73%
Miami Dolphins NFL
73%
Philadelphia Eagles NFL
73%
Pittsburgh Steelers NFL
73%
Boston Bruins NHL
73%
Montreal Canadiens NHL
73%
Jacksonville Jaguars NFL
72%
Chicago White Sox MLB
71%
Chicago Bears NFL
71%
Houston Texans NFL
71%
Minnesota Vikings NFL
71%
Tampa Bay Buccaneers NFL
71%
Buffalo Sabres NHL
71%
Calgary Flames NHL
71%
Philadelphia Phillies MLB
70%
Detroit Lions NFL
70%
Los Angeles Chargers NFL
70%
San Francisco 49ers NFL
70%
Seattle Seahawks NFL
70%
Pittsburgh Penguins NHL
70%
Toronto Maple Leafs NHL
70%
Vancouver Canucks NHL
70%
New York Yankees MLB
69%
Carolina Panthers NFL
69%
Indianapolis Colts NFL
69%
Detroit Tigers MLB
68%
Cleveland Browns NFL
68%
New Orleans Saints NFL
68%
Edmonton Oilers NHL
68%
Minnesota Wild NHL
68%
Baltimore Orioles MLB
67%
Las Vegas Raiders NFL
67%
Tennessee Titans NFL
67%
Chicago Blackhawks NHL
67%
Los Angeles Kings NHL
67%
Houston Astros MLB
66%
Ottawa Senators NHL
66%
Los Angeles Dodgers MLB
65%
New York Mets MLB
65%
Tampa Bay Rays MLB
65%
Colorado Rockies MLB
64%
San Diego Padres MLB
64%
New York Jets NFL
64%
San Jose Sharks NHL
64%
Washington Nationals MLB
63%
Carolina Hurricanes NHL
63%
Tampa Bay Lightning NHL
63%
Cincinnati Reds MLB
62%
New York Giants NFL
62%
Atlanta Braves MLB
61%
Miami Marlins MLB
61%
New York Islanders NHL
61%
Seattle Kraken NHL
61%
Winnipeg Jets NHL
61%
Kansas City Royals MLB
60%
Dallas Stars NHL
60%
Washington Commanders NFL
59%
Nashville Predators NHL
59%
New Jersey Devils NHL
59%
Vegas Golden Knights NHL
59%
Seattle Mariners MLB
58%
Arizona Coyotes NHL
58%
Minnesota Twins MLB
57%
Pittsburgh Pirates MLB
57%
Detroit Red Wings NHL
57%
Oakland Athletics MLB
56%
Columbus Blue Jackets NHL
56%
New York Rangers NHL
56%
Los Angeles Angels MLB
55%
Philadelphia Flyers NHL
54%
Cleveland Guardians MLB
53%
St. Louis Blues NHL
53%
Washington Capitals NHL
53%
St. Louis Cardinals MLB
52%
Florida Panthers NHL
51%
San Francisco Giants MLB
50%
Toronto Blue Jays MLB
50%
Texas Rangers MLB
49%
Milwaukee Brewers MLB
48%
Aucun quiz correspondant
Distribution des résultats
% des personnes avec chaque résultat
Percentile par nombre de réponses
Votre historique - résultats
Vous n’avez pas pris ce quiz